| 000 | 01040nam a22002297a 4500 | ||
|---|---|---|---|
| 001 | EIF-X-2019-M4-002 | ||
| 003 | OSt | ||
| 005 | 20221230104348.0 | ||
| 008 | 221230b |||||||| |||| 00| 0 eng d | ||
| 040 |
_aFundación Jesús Pereda _cFundación Jesús Pereda |
||
| 041 | _aCastellano | ||
| 100 |
_uUniversidad Autónoma de Barcelona _aEspuny Tomás, María Jesús _9535 |
||
| 111 |
_aEncuentro de Investigadores del Franquismo _c(Valencia. _d2019. _n10º) _9102 |
||
| 245 |
_aMatrimonio y excedencia forzosa: _bnuevas aportaciones _c/Maria Jesús Espuny Tomás |
||
| 650 | 0 |
_9648 _aLey de 22 de julio de 1961 sobre Derechos Políticos, Profesionales y de Trabajo de la mujer |
|
| 650 | 0 |
_9653 _aMatrimonio |
|
| 650 | 0 |
_9134 _aEstudio de género |
|
| 650 | 0 |
_91058 _aLey de 16 de octubre de 1942 de Reglamentaciones de Trabajo |
|
| 773 |
_tActas del X Encuentro de Investigadores del Franquismo _g467-482 p. |
||
| 856 | _uhttps://bibliotecaccoocyl.fundacionjesuspereda.es/cgi-bin/koha/opac-retrieve-file.pl?id=23fff5c4cb369a0ac0e709cb1f728b1a | ||
| 942 |
_2ddc _cCF _n0 |
||
| 999 |
_c630 _d630 |
||